000 00265nam a22001217a 4500
040 _cHS
082 _a338
100 _aMARTIN GUMMENT
245 _aAgro-industrial situation in Cambodia
260 _aCambodia
_bMARTIN GUMMENT
_c2003
300 _a100p.
942 _cEK
999 _c8605
_d8605